[Event "GCT Paris Rapid 2021"]
[Site "Paris"]
[Date "2021.06.18"]
[Round "1.1"]
[White "Firouzja, Alireza"]
[Black "So, Wesley"]
[Result "1/2-1/2"]
[WhiteElo "2759"]
[BlackElo "2770"]
[Annotator "TA"]
[PlyCount "143"]
[EventDate "2021.06.18"]
[EventType "tourn"]
[EventCountry "FRA"]
[SourceTitle "playchess.com"]
[Source "ChessBase"]
[SourceQuality "1"]

{[%evp 13,143,14,18,0,10,13,30,-24,-11,-16,-19,-10,0,-2,0,-17,-25,-8,-14,-75,
-48,-119,-111,-100,-110,-124,-97,-118,-117,-124,-114,-117,-110,-103,-97,-105,
-93,-172,-171,-155,-160,-153,-128,-177,-58,-52,-47,-75,-18,-17,88,70,33,-10,
-10,-14,-14,-27,-19,-39,0,-217,-189,-137,0,0,0,0,21,10,8,14,58,54,972,30,859,
386,321,333,337,323,29972,29971,5214,35,25,43,312,309,637,611,788,139,779,664,
613,613,596,514,510,163,575,395,399,79,79,87,93,87,158,0,295,308,300,208,620,
77,82,70,71,81,80,0,0,0,0,0,0,0,0,0]} 1. e4 e5 2. Nf3 Nc6 3. Bc4 Bc5 4. c3 Nf6
5. d3 d6 6. Bg5 (6. O-O h6 7. Re1 O-O 8. Nbd2 a6 9. a4 Re8 10. Qb3 Be6 11. a5
Rb8 12. Nf1 d5 13. exd5 Bxd5 14. Ng3 Bxc4 15. Qxc4 Qd5 16. Ne4 Qxc4 17. Nxf6+
gxf6 18. dxc4 Kh7 19. b4 {1/2-1/2 (59) Firouzja,A (2759)-So,W (2770) chess24.
com INT 2021}) 6... h6 7. Bh4 a6 8. a4 {C54: Giuoco Piano: 4 c3 Nf6, main
lines with 5 d4 and 5 d3.} Ba7 9. O-O Qe7 10. Nbd2 (10. b4 $142) 10... g5 $1
$11 {[%cal Rg5h4]} 11. Bg3 Nh7 12. b4 {[%cal Bb2b4,Bb4b5][%mdl 32]} Nf8 $1 {[#]
} 13. d4 $146 ({Predecessor:} 13. b5 Nd8 14. d4 Ng6 15. h3 h5 16. Bd5 c6 17.
Bb3 g4 18. hxg4 Bxg4 19. Qb1 {1-0 (41) Dominguez Perez,L (2763)-Grischuk,A 
(2759) Khanty Mansiysk 2019}) 13... Ng6 14. b5 Na5 {And now ...g4 would win.}
15. h3 h5 16. Bd5 (16. bxa6 $11 g4 17. hxg4 hxg4 18. axb7 Bxb7 19. Nh2) 16...
Bb6 17. Qb1 (17. bxa6 $15 Rxa6 18. dxe5 dxe5 19. Nc4 Nxc4 20. Bxc4) 17... g4
$17 18. hxg4 hxg4 19. Nh2 Qg5 20. Qd3 Nf4 21. Qe3 Qh6 22. Rfe1 f6 $36 {[%mdl
2048] White is under strong pressure.} 23. Bc4 Nh5 24. Nhf1 Bd7 25. Bh4 (25.
bxa6 $17 {is a better defense.} Nf4 26. Nh2) 25... Nf4 $19 26. g3 {[#]} Qh5 $1
27. bxa6 (27. gxf4 Qxh4) 27... bxa6 28. Bd5 {[#]} Rb8 (28... c6 $1 $19 29. Ba2
(29. Rab1 Bd8) 29... Ng6) 29. gxf4 $15 Qxh4 {[%csl Gh8][%cal Rh4h1]} 30. Ng3
Ba7 (30... Qh2+ $17 31. Kf1 Qh6 32. fxe5 Qxe3 33. Rxe3 fxe5) 31. Ndf1 $11 Ke7 (
31... Kd8 $11 {remains equal.}) 32. fxe5 fxe5 33. Nf5+ Bxf5 34. exf5 c6 35. Bg2
Nc4 36. Qd3 d5 37. Rxe5+ $2 (37. Ra2 $11 {and White stays safe.}) 37... Nxe5
$19 38. Re1 {[#]} Kf7 39. Rxe5 $11 Rb2 {[%csl Gb2][%cal Rh4f2]} 40. Re2 Rb6 41.
f6 Bb8 {Strongly threatening ...Bh2+.} ({Much weaker is} 41... Qxf6 $6 42. Re5
$16) 42. Qf5 Bh2+ (42... Rb7 $5 {[%cal Rh4h5]}) 43. Nxh2 {White threatens Re7+
and mate.} Qxh2+ 44. Kf1 {Re7+ would kill now.} Rb7 {[%mdl 8192]} (44... Rb1+
$11 45. Qxb1 Qh1+ 46. Bxh1 Rxh1+ 47. Kg2 Rxb1) 45. Bxd5+ (45. Qe6+ $142 Kg6 46.
Qxg4+ Kh6 47. Re5) 45... cxd5 $18 46. Qxd5+ {[%mdl 64] Double Attack} Kg6 47.
Qe4+ ({Worse is} 47. Qxb7 Qh3+ 48. Kg1 Qh2+ 49. Kf1 Qh3+ 50. Kg1 Qh2+ 51. Kf1
$11) 47... Kxf6 $2 (47... Kg5 $18 48. Qxb7 Qh3+ 49. Qg2 Kxf6) 48. Qc6+ Kg5 49.
Re5+ $2 (49. Qd5+ $18 Kh4 50. Qxb7) 49... Qxe5 $1 $14 50. dxe5 {[%mdl 4096]
Endgame KQ-KRR} Rf7 {[%mdl 8192]} ({Black should try} 50... Rb1+ $14 51. Kg2
Rh6) 51. e6 $18 ({Less strong is} 51. Qxa6 g3 $16) 51... Rf6 (51... Rfh7 52.
Qxa6 Re7) 52. Qd7 Rhf8 53. Qg7+ $2 (53. Qd2+ $18 Kg6 54. Qd3+ {[%mdl 64]
Double Attack} Kg7 55. Qd7+ Kh6 56. e7 {[%mdl 64] Discovered Attack} Rxf2+ 57.
Kg1 Rf1+ 58. Kg2 R1f2+ 59. Kg1 Rf1+ 60. Kg2 R8f2+ 61. Kg3) 53... Kh4 $2 {
[%mdl 8192]} (53... Kf5 $16 54. e7 Re8) 54. e7 Rxf2+ 55. Ke1 Rf1+ 56. Ke2 R1f2+
57. Ke3 $2 (57. Kd1 Rf1+ 58. Kc2 R1f2+ 59. Kb3 Rb8+ 60. Kc4) 57... R2f3+ (57...
R8f3+ 58. Kd4 Rd2+ 59. Kc4 Re2 60. Qh8+ Kg3) 58. Ke4 Re8 59. Qh6+ $2 (59. Kd5
$18 {is the precise move to win.}) 59... Kg3 $16 60. Qd6+ Kf2 {Black wants to
play ...Rxe7+.} 61. Qd2+ Kg3 (61... Kf1 $142 62. Qd7 Rff8) 62. Qd6+ $2 (62. Qd7
$16 Rff8 63. Qe6) 62... Kh3 $2 {[%mdl 8192]} (62... Kf2 $1 $11 {and Black is
okay.}) 63. Qd7 $18 Rff8 64. c4 {Threatens to win with Qe6!} Kh4 $2 (64... Kh2)
65. Kd5 $2 (65. Qe6 $18 {is more deadly. White wants to mate with Qh6+.} Rf1
66. Kd5) 65... Rg8 $16 66. Ke6 {aiming for Qd2.} g3 {[#]} 67. Qd4+ $1 Kh3 {[#]}
68. Qe3 (68. Qg1 $1 $16 {[%cal Rg1h1]} g2 69. c5) 68... Kh2 $11 {The position
is equal.} 69. Qh6+ Kg1 70. Qe3+ Kh2 71. Qh6+ Kg1 72. Qe3+ {A wild game. 
Weighted Error Value: White=0.84/Black=0.56} 1/2-1/2

[Event "GCT Paris Rapid 2021"]
[Site "Paris"]
[Date "2021.06.18"]
[Round "1.2"]
[White "Radjabov, Teimour"]
[Black "Aronian, Levon"]
[Result "1/2-1/2"]
[WhiteElo "2765"]
[BlackElo "2781"]
[Annotator "TA"]
[PlyCount "49"]
[EventDate "2021.06.18"]
[EventType "tourn"]
[EventCountry "FRA"]
[SourceTitle "playchess.com"]
[Source "ChessBase"]
[SourceQuality "1"]

{[%evp 25,49,0,0,0,0,0,0,0,0,0,0,0,0,0,0,0,0,0,0,0,0,0,0,0,0,0]} 1. d4 Nf6 2.
c4 e6 3. Nf3 d5 4. Nc3 Bb4 5. Bg5 dxc4 6. e4 c5 7. Bxc4 cxd4 8. Nxd4 Qa5 9.
Bxf6 Bxc3+ 10. bxc3 Qxc3+ 11. Kf1 gxf6 12. Rc1 Qa5 13. Bb5+ Ke7 {The position
is equal.} 14. e5 {D39: Queen's Gambit Declined: Ragozin Defence with 5 Bg5
dxc4.} fxe5 15. Qh5 $1 {[%cal Rh5e5]} Nd7 ({Not} 15... exd4 $2 16. Qg5+ f6 17.
Qc5+ Kf7 {[#]} 18. Be8+ $1 {[%mdl 512]} Kxe8 19. Qxa5 $18) 16. Qg5+ Kf8 $1 17.
Rxc8+ {[%mdl 64] [#] Remove Defender} Rxc8 18. Bxd7 {White wants to mate with
Nxe6+!} Qd8 $1 {[%cal Rd8g5]} ({Inferior is} 18... h6 19. Nxe6+ fxe6 20. Qf6+
Kg8 21. Bxe6+ Kh7 22. Qf7#) 19. Nxe6+ fxe6 20. Qh6+ Ke7 21. Qxe6+ {[%mdl 64]
Double Attack} Kf8 {Threatens to win with ...Rc1+.} 22. Qh6+ Ke7 23. Qe6+ {
[%mdl 64] Double Attack} Kf8 {[#] White must now prevent ...Rc1+.} 24. Qh6+
$146 ({Predecessor:} 24. Qf5+) 24... Ke7 25. Qe6+ {[%mdl 64] Double Attack.
Not much happened in this game.  Weighted Error Value: White=0.00/Black=0.00}
1/2-1/2

[Event "GCT Paris Rapid 2021"]
[Site "Paris"]
[Date "2021.06.18"]
[Round "1.3"]
[White "Svidler, Peter"]
[Black "Vachier-Lagrave, Maxime"]
[Result "1-0"]
[WhiteElo "2714"]
[BlackElo "2760"]
[Annotator "TA"]
[PlyCount "177"]
[EventDate "2021.06.18"]
[EventType "tourn"]
[EventCountry "FRA"]
[SourceTitle "playchess.com"]
[Source "ChessBase"]
[SourceQuality "1"]

{[%evp 14,177,25,10,22,26,27,17,30,18,35,35,35,37,52,33,14,16,30,15,110,108,
120,96,98,94,117,87,89,77,77,59,49,50,82,62,58,34,62,34,63,56,64,60,60,65,62,
41,41,23,41,23,41,23,79,41,92,41,79,47,82,55,79,49,79,28,79,79,79,79,71,29,79,
72,79,79,79,71,109,109,136,120,110,78,142,150,141,145,229,100,104,78,168,201,
270,286,240,265,245,220,216,198,191,59,182,127,147,59,59,59,103,103,103,91,31,
86,41,21,409,383,518,497,5712,5443,2405,2501,1241,0,718,8,45,8,8,17,3947,3958,
3491,3156,2099,1926,1933,1832,992,992,983,853,924,529,447,429,644,621,543,495,
29976,29977,29975,29978,29976,29978,29979,29976,29981,29982,29982,29983]} 1. e4
e6 2. d4 d5 3. Nc3 Nf6 4. e5 Nfd7 5. f4 c5 6. Nf3 Nc6 7. Be3 a6 8. a3 b5 {
C11: French: Classical System: 4 e5 and 4 Bg5 dxe4.} 9. Bd3 Qb6 {[#]} 10. Bf2
$5 $146 {[%mdl 8] An interesting novelty.} ({Predecessor:} 10. O-O cxd4 11. Bf2
Qa7 12. Ne2 Bc5 13. Nc1 f6 14. b4 Bb6 15. Qe2 O-O 16. Nb3 fxe5 17. Nxe5 Ndxe5
18. fxe5 {0-1 (51) Bellahcene,B (2510)-Akobian,V (2614) Chess.com INT 2021})
10... Bb7 {The position is equal.} 11. O-O c4 12. Be2 g6 13. Qd2 Ne7 14. g4 h5
15. h3 Bg7 16. Kg2 f5 (16... f6 $11) 17. gxh5 $16 Rxh5 18. b4 Rh8 19. a4 Bh6
20. Bh4 Nc6 {[%cal Be7c6,Bc6d8,Bd8f7][%mdl 32]} 21. a5 Qc7 22. Bg5 Bf8 23. Na2
Nd8 24. c3 Nf7 25. Rae1 Bg7 26. Bd1 Nf8 27. Nc1 Nh7 28. Ne2 Kd7 29. Rh1 Rag8
30. Ng3 Kc8 31. Bc2 Bc6 32. Kf2 Bf8 33. Reg1 Be7 (33... Nhxg5 $11 34. fxg5 Kb7)
34. h4 Nf8 (34... Nhxg5 $14 35. hxg5 (35. Nxg5 Nxg5 36. hxg5 Qd8 $11) 35... Bf8
) 35. Bd1 (35. h5 $16) 35... Qd8 36. Ke1 Be8 37. Qe3 Nd7 38. Kd2 Nb8 39. Kc1 ({
White should play} 39. Bxe7 $16 Qxe7 40. h5) 39... Nc6 (39... Nxg5 $11 {
keeps the balance.} 40. Nxg5 (40. hxg5 Nc6 $11) 40... Qd7) 40. Bxe7 $1 Qxe7 41.
Qd2 Nfd8 42. Ng5 Nf7 43. Bf3 Kc7 44. Kb2 Ncd8 45. Nf1 {[%cal Bg3f1,Bf1e3,Be3g2,
Bg2f4][%mdl 32]} Nc6 46. Ne3 {Hoping for Nxe6+!} Nxg5 47. fxg5 (47. Rxg5 $6 Bf7
$11) 47... Bf7 48. Ng2 Rb8 (48... Qe8 $142) 49. Ra1 Rbg8 50. Nf4 Qe8 {[#]} (
50... Kc8 $16 51. Kb1 Kb8) 51. Rag1 (51. Bxd5 $1 $18 {[%mdl 512] and the rest
is easy. Strongly threatening Bg2.} exd5 52. e6 Bxe6 53. Rae1) 51... Ne7 52.
Rg3 Rg7 (52... Rh7 $16 {was worth a try.}) 53. h5 $1 $18 gxh5 54. g6 $1 {
[%cal Rg6f7]} Rxg6 55. Nxg6 Bxg6 56. Qf4 Qf8 57. Bd1 {[%mdl 1024] White has
strong compensation.} Kd7 58. Bc2 (58. Rgh3 $18) 58... Ke8 (58... Be8 $14) 59.
Qg5 (59. Rgh3 $18) 59... Bf7 60. Qf6 (60. Bd1 $16) 60... Rh6 $1 $14 {[%cal
Rh6f6]} 61. Qh4 $36 {[%mdl 2048] White has the initiative.} Nc6 62. Rhg1 Rh7
63. Bd1 Nxb4 64. cxb4 Qxb4+ {[%mdl 64] Double Attack} 65. Kc1 {Black must now
prevent Rg8+!} c3 $2 {[%mdl 8192]} (65... Qxa5 $11 {and Black has nothing to
worry.} 66. Bc2 Qa1+ 67. Kd2 Qa5+ 68. Ke2 Qa2) 66. Bc2 $1 $18 Qxa5 {( -> ...
Qa1+)} 67. Kd1 {Threatens to win with Qf6.} b4 {[#]} (67... Qc7 $142 68. Bxf5
c2+ 69. Bxc2 Rh8) 68. Rg8+ $1 {[%mdl 512]} Bxg8 69. Rxg8+ Kd7 70. Ke2 $2 (70.
Qf6 $18 b3 71. Bxb3) 70... b3 $2 {[%mdl 8192] [#]} (70... Re7 $11 71. Rb8 Qa2)
71. Bxb3 $2 (71. Bxf5 $1 $18 {[%mdl 512]} Kc6 (71... Re7 72. Qf6) 72. Bxh7 Qa2+
73. Kf3) 71... Qb5+ $11 72. Kf2 {Intending Qd8+ and mate.} (72. Ke1 $5 {
[%cal Rh4d8]} Re7 73. Ra8 $1 $16) 72... Re7 {[#]} ({And not} 72... Qxb3 73.
Qd8+ Kc6 74. Qd6+ Kb5 75. Rb8+ Rb7 76. Rxb7+ Kc4 77. Qc5+ Kd3 78. Rxb3 Ke4 79.
Qxc3 Kf4 80. Qg3+ Ke4 81. Qe3#) 73. Ra8 $1 {Threatening mate with Ra7+.} Qxb3
$4 {[%mdl 12288] Endgame KQR-KQR. Black is now going downhill.} (73... Re8 $11
74. Ra7+ Kc6 75. Qxh5 Rg8) 74. Ra7+ $18 Kc6 75. Qxe7 {[%csl Gd4][%cal Re7c5]}
Qc2+ 76. Kg3 {[%csl Gd4][%cal Re7c5]} Qd3+ 77. Kh4 {[%csl Gd4][%cal Re7c5]}
Qxd4+ 78. Kg5 Qxe5 79. Rxa6+ Kb5 80. Rxe6 Qg3+ {[#]} 81. Kh6 $1 Qf4+ (81... Kc4
$142 82. Rc6+ Kb3 83. Rb6+ Kc2 84. Qe2+ {[%mdl 64] Double Attack} Kc1) 82. Kh7
{Qd7+ would kill now.} Kc4 83. Qb7 d4 (83... Qd4 $18 84. Qa6+ Kb3 85. Qb5+ Qb4
86. Qxd5+ Kb2 87. Qxf5 c2) 84. Qa6+ {White mates.} Kb3 85. Qb5+ Kc2 86. Re2+
Qd2 87. Qa4+ Kd3 88. Rxd2+ cxd2 89. Qd1 {Weighted Error Value: White=0.19/
Black=0.23} 1-0

[Event "GCT Paris Rapid 2021"]
[Site "Paris"]
[Date "2021.06.18"]
[Round "1.4"]
[White "Caruana, Fabiano"]
[Black "Nepomniachtchi, Ian"]
[Result "1/2-1/2"]
[WhiteElo "2820"]
[BlackElo "2792"]
[Annotator "TA"]
[PlyCount "82"]
[EventDate "2021.06.18"]
[EventType "tourn"]
[EventCountry "FRA"]
[SourceTitle "playchess.com"]
[Source "ChessBase"]
[SourceQuality "1"]

{[%evp 23,82,0,25,23,25,0,9,0,0,0,0,0,14,8,4,4,0,12,18,17,39,14,57,43,32,20,21,
4,3,4,7,8,10,9,10,0,0,0,10,0,33,8,23,7,0,0,0,0,0,0,0,0,0,0,0,0,0,0,0,0,2]} 1.
d4 Nf6 2. Nf3 e6 3. c4 d5 4. Nc3 Bb4 5. e3 O-O 6. Bd3 c5 7. O-O cxd4 8. exd4
dxc4 9. Bxc4 b6 10. Bd3 Bb7 11. a3 Bxc3 12. bxc3 Qc7 13. c4 {E54: Nimzo-Indian:
Rubinstein: Main Line: 7...dxc4 8 Bxc4.} Be4 14. Bg5 {Black should prevent
Bxf6.} Nbd7 15. Re1 {[#]} Bxd3 $146 ({Predecessor:} 15... Qb7 16. Bxe4 Nxe4 17.
Qd3 Nxg5 18. Nxg5 Nf6 19. Ne4 Nxe4 20. Qxe4 Qxe4 21. Rxe4 Rfd8 22. Rd1 Rac8 23.
d5 exd5 24. Red4 Rc5 {1/2-1/2 (24) Ronneland,D-Holst,A (2300) Hallsberg 1991})
16. Qxd3 Rac8 17. Rac1 h6 18. Bh4 Nh5 19. Qb3 Rfe8 20. Qb5 Nhf6 21. a4 Qb7 22.
Bg3 a6 23. Qb3 Qc6 24. h3 Ne4 25. Bf4 Nd6 {[%cal Rd6c4]} 26. d5 exd5 27. Rxe8+
Nxe8 28. cxd5 {[%mdl 64] [#] Pin} Qb7 29. Rxc8 Qxc8 30. Nd4 Qc5 31. Nf5 b5 32.
axb5 axb5 33. Bd2 Nd6 {The position is equal.} 34. Nxd6 Qxd6 35. Qxb5 Nf6 36.
Qc6 (36. Bc1 {is interesting.} Qxd5 37. Qxd5 Nxd5 38. Kh2 Kh7 39. f4) 36...
Qxd5 37. Qxd5 Nxd5 38. Kh1 Kh8 39. Kg1 Kg8 40. Kh1 Kh8 41. Kg1 Kg8 {Weighted
Error Value: White=0.06/Black=0.06} 1/2-1/2

[Event "GCT Paris Rapid 2021"]
[Site "Paris"]
[Date "2021.06.18"]
[Round "1.5"]
[White "Bacrot, Etienne"]
[Black "Rapport, Richard"]
[Result "1-0"]
[WhiteElo "2678"]
[BlackElo "2763"]
[Annotator "TA"]
[PlyCount "93"]
[EventDate "2021.06.18"]
[EventType "tourn"]
[EventCountry "FRA"]
[SourceTitle "playchess.com"]
[Source "ChessBase"]
[SourceQuality "1"]

{[%evp 9,93,99,79,37,47,47,53,39,52,45,38,31,42,45,96,85,108,108,104,95,110,
101,117,113,129,116,119,107,98,107,101,104,96,95,102,97,141,141,193,182,252,
239,293,291,269,291,212,150,443,445,396,235,228,228,228,228,272,228,228,228,
228,228,228,228,228,228,1091,988,1113,1922,1764,1718,1464,1281,29961,29960,
29972,29972,29982,29983,29984,29984,29986,29987,29987,29988]} 1. e4 c6 2. Nf3
d5 3. Nc3 Nf6 4. e5 Nh5 5. d4 g6 {[#]} 6. Ne2 $146 {B11: Caro-Kann: Two
Knights Variation.} ({Predecessor:} 6. h3 Ng7 7. Be2 h5 8. O-O Qb6 9. Na4 Qc7
10. b3 b5 11. Nc5 e6 12. c4 Bxc5 13. dxc5 bxc4 14. bxc4 {1-0 (29) Liang,J 
(2317)-Diulger,A (2298) Charlotte 2020}) 6... Ng7 7. Ng3 h5 8. Bd3 {White is
slightly better.} Bg4 9. h3 Bxf3 10. Qxf3 e6 11. O-O h4 (11... c5 $14) 12. Ne2
$16 Be7 13. g4 c5 14. dxc5 Nd7 15. Bb5 O-O 16. Bxd7 Qxd7 17. c3 Qc7 18. b4 Qxe5
19. Bf4 Qe4 20. Qxe4 dxe4 21. Rad1 Rfd8 22. Nd4 Bf6 23. c6 bxc6 (23... b6 $16 {
was necessary.}) 24. Nxc6 $18 {[%mdl 64] Discovered Attack} Rxd1 (24... Rdc8
$142 25. b5 e5) 25. Rxd1 Bxc3 26. b5 e5 {[#]} 27. Be3 {[%cal Re3a7]} ({Not} 27.
Bxe5 Bxe5 28. Nxe5 Ne6 $16) (27. Nxe5 Ne6 $14) 27... Ne6 28. Bxa7 {Strongly
threatening b6.} Bd4 {This move loses the game for Black.} (28... Nd4 $16) 29.
Nxd4 ({Weaker is} 29. Bxd4 Nxd4 30. Nxd4 exd4 $16) 29... Nxd4 30. Bxd4 (30. b6
$142 Nc6 31. Rd7) 30... exd4 31. Rxd4 Rxa2 {[%mdl 4096] Endgame [#] KR-KR} 32.
Rb4 ({Less strong is} 32. Rxe4 Rb2 $14) 32... f5 33. b6 {[%cal Bb5b6,Bb6b7]
[%mdl 32] b7 would kill now.} Ra8 34. b7 Rb8 35. g5 {f3! is the strong threat.}
Kf7 {intending ...Ke6.} 36. f3 {Hoping for Rb6.} e3 {If Black can now play ...
Ke6 this consolidates a bit.} 37. Rxh4 Ke6 $2 (37... Kg7) 38. Rb4 Kd5 39. Kf1 (
39. h4 $142 Kc5 40. Rb1) 39... Kc5 40. Rb1 f4 41. Ke2 Kc4 42. h4 {White mates.}
Kc5 43. h5 {[%mdl 64] Promotion} gxh5 44. g6 Kc6 45. g7 Kc7 46. Rc1+ Kd7 47.
Rc8 {[%mdl 64] Decoy, Promotion.  Weighted Error Value: White=0.07/Black=0.37}
1-0

[Event "GCT Paris Rapid 2021"]
[Site "Paris"]
[Date "2021.06.18"]
[Round "2.1"]
[White "So, Wesley"]
[Black "Rapport, Richard"]
[Result "1-0"]
[WhiteElo "2770"]
[BlackElo "2763"]
[Annotator "TA"]
[PlyCount "67"]
[EventDate "2021.06.18"]
[EventType "tourn"]
[EventCountry "FRA"]
[SourceTitle "playchess.com"]
[Source "ChessBase"]
[SourceQuality "1"]

{[%evp 17,67,24,41,14,12,16,26,31,29,20,52,45,54,43,45,39,47,32,41,21,16,12,19,
15,124,137,136,129,124,117,112,91,92,91,92,92,191,183,189,168,179,176,230,210,
337,219,219,4,219,219,440,423]} 1. d4 Nf6 2. c4 e6 3. Nc3 Bb4 4. e3 c5 5. Bd3
Nc6 6. Nge2 cxd4 7. exd4 d5 8. cxd5 Nxd5 9. O-O Nf6 10. Bc2 {E41: Nimzo-Indian:
Rubinstein: 4...c5 5 Bd3, including Hübner Variation.} O-O 11. a3 $5 {[%mdl 4]
A promising side line.} Bxc3 12. bxc3 {[#] White has an edge.} e5 $146 ({
Predecessor:} 12... Qa5 13. c4 Rd8 14. Bb2 Qh5 15. Qe1 b6 16. d5 exd5 17. Nf4
Qh4 18. Nxd5 Be6 19. Nxf6+ gxf6 {1/2-1/2 (37) Del Rio de Angelis,S (2472)
-Salgado Lopez,I (2596) Linares 2019}) 13. Bg5 exd4 14. Nxd4 Nxd4 15. cxd4 h6
16. Bh4 Re8 17. Qd3 Bd7 18. d5 Rc8 19. d6 {Bxf6 is the strong threat.} g5 20.
Bg3 Ne4 {[#]} (20... Qa5 $11 {keeps the balance.}) 21. Rae1 $1 $16 {[%cal
Re1e4]} Rc3 22. Qd1 Nxg3 23. hxg3 Rxe1 ({Not} 23... Rxa3 $2 24. Rxe8+ Bxe8 25.
Re1 $18) 24. Rxe1 {Black must now prevent Re7.} Be6 25. Qd2 Rxa3 26. Rd1 Bd7 (
26... Bg4 $16 {was necessary.}) 27. Qb4 $18 Ra2 28. Qb3 Ra5 29. Qxb7 Kg7 {[#]}
(29... Qe8 $142 30. Qc7 Re5 31. Qxa7 Re1+ 32. Rxe1 Qxe1+ 33. Kh2 Qe6) 30. Re1
$1 $40 {[%cal Re1e7][%mdl 128] And now Re7 would win. Black is in trouble.} Rc5
(30... Rb5 $142 31. Qe4 (31. Qxa7 Rd5 $16) 31... Qf6) 31. Qe4 {Intending Qh7+
and mate.} Qf6 {Strongly threatening ...Bf5.} 32. Qh7+ Kf8 33. Re7 Be8 {[#]} (
33... Rxc2 34. Qxc2 Qxd6) 34. Bg6 $1 {[%mdl 512] Weighted Error Value: White=0.
10/Black=0.30} 1-0

[Event "GCT Paris Rapid 2021"]
[Site "Paris"]
[Date "2021.06.18"]
[Round "2.2"]
[White "Nepomniachtchi, Ian"]
[Black "Bacrot, Etienne"]
[Result "1-0"]
[WhiteElo "2792"]
[BlackElo "2678"]
[Annotator "TA"]
[PlyCount "47"]
[EventDate "2021.06.18"]
[EventType "tourn"]
[EventCountry "FRA"]
[SourceTitle "playchess.com"]
[Source "ChessBase"]
[SourceQuality "1"]

{[%evp 20,47,-7,-11,-12,-8,0,-4,0,-17,-17,-16,-13,-17,-14,-18,0,0,0,0,0,-38,
206,216,364,354,1449,1424,1393,1308]} 1. e4 c5 2. Nf3 d6 3. Bb5+ Bd7 4. Bxd7+
Qxd7 5. O-O Nf6 6. Re1 Nc6 7. c3 e6 8. d4 cxd4 9. cxd4 d5 10. e5 Ne4 11. Nbd2
Nxd2 $1 {B52: Sicilian: Moscow Variation with 3...Bd7.} 12. Bxd2 a5 {[#]} 13.
Rc1 $146 ({Predecessor:} 13. Bf4 a4 14. Rc1 Bb4 15. Re3 O-O 16. Ne1 a3 17. b3
Rfc8 18. Rh3 Ne7 19. Nd3 {1/2-1/2 (64) Burne,N (2477)-Tleptsok,R (2534) ICCF
email 2017}) 13... a4 {The position is equal.} 14. a3 Be7 15. h4 O-O 16. Rc3
Rfc8 17. Rd3 b5 18. Ng5 {aiming for Qh5!} h6 19. Nh3 Kh8 ({Wrong is} 19... Bxh4
$2 20. Qg4 $18) 20. Qg4 f5 $2 {[#] This move loses the game for Black.} (20...
Bf8 $15) 21. Qg6 $1 $18 {Bxh6! is the strong threat.} ({Resist} 21. exf6 $6
Bxf6 22. Qxe6 (22. Rxe6 Nd8 $16) 22... Qxe6 $16) 21... Bxh4 {[#]} (21... Bf8
$142 22. Nf4 Re8) 22. Qh5 $1 Bd8 $2 (22... Qe7 23. g3 Bg5) 23. Bxh6 gxh6 24.
Rg3 {Weighted Error Value: White=0.04/Black=0.49} 1-0

[Event "GCT Paris Rapid 2021"]
[Site "Paris"]
[Date "2021.06.18"]
[Round "2.4"]
[White "Vachier-Lagrave, Maxime"]
[Black "Radjabov, Teimour"]
[Result "1-0"]
[WhiteElo "2760"]
[BlackElo "2765"]
[Annotator "TA"]
[PlyCount "81"]
[EventDate "2021.06.18"]
[EventType "tourn"]
[EventCountry "FRA"]
[SourceTitle "playchess.com"]
[Source "ChessBase"]
[SourceQuality "1"]

{[%evp 13,81,19,30,0,2,-12,17,7,8,0,0,-14,0,0,32,26,66,64,70,50,47,53,50,44,97,
94,103,105,181,165,172,105,109,102,209,128,177,0,0,0,0,-39,395,370,378,380,260,
264,382,382,354,363,379,386,518,532,495,514,589,555,821,650,667,669,637,634,
868,858,1161,1125]} 1. e4 e5 2. Nf3 Nc6 3. Bb5 Nf6 4. d3 Bc5 5. c3 O-O 6. Nbd2
d6 7. O-O $1 {7.0-0 scores better than 7.h3.} Bb6 8. Bxc6 $5 {[%mdl 4] A
promising side line. C65: Ruy Lopez: Berlin Defence (3...Nf6), unusual lines
and 4 0-0 Bc5.} bxc6 9. h3 Ba6 10. Qc2 {[#] The position is equal.} c5 $146 ({
Predecessor:} 10... Nh5 11. Nc4 Bxc4 12. dxc4 Qf6 13. Qa4 d5 14. cxd5 cxd5 15.
exd5 e4 16. Nh2 Ng3 {1/2-1/2 (62) Soto Vega,J (2357)-Cervantes Landeiro,T 
(2087) Montevideo 2018}) 11. Re1 h6 12. Nf1 Re8 13. Ng3 Qd7 14. Be3 c6 15. Rad1
Qe6 16. b3 Rad8 17. Nh4 d5 18. c4 Rd7 ({Black should play} 18... Kh8 $14) 19.
Nhf5 $16 Red8 20. Qc1 $1 Bb7 (20... dxc4 $16 21. dxc4 Bc8) 21. Bxh6 $18 gxh6
22. Qxh6 (22. exd5 $1 $18 cxd5 23. Qxh6) 22... Ne8 $16 {Strongly threatening ..
.Qxh6.} 23. Qg5+ {[%mdl 1024] White has strong compensation.} (23. Qh4 Qf6 $17)
23... Kf8 (23... Qg6 $16 24. Ne7+ {[%mdl 64] Discovered Attack} Rxe7 25. Qxe7
Bc8) 24. Qh4 $40 {[%cal Rh4h8][%mdl 128] White is out for blood.} f6 25. Re3 $2
(25. exd5 $1 $18 Qg8 26. Qh6+ Kf7 27. f4) 25... Qg8 $11 26. Qh6+ Kf7 $1 27.
Qh5+ Qg6 $2 {[%mdl 8192] This move loses the game for Black.} (27... Ke6 $15 {
keeps the upper hand.}) 28. Nh6+ $18 Kg7 {[#] ...Qxh5 is the strong threat.}
29. Ngf5+ $1 ({Weaker is} 29. Nhf5+ Kf7 $16) 29... Kh7 {[#]} 30. Qe2 {aiming
for Rg3.} Rg7 (30... Kh8 $142 31. Rg3 Qh7) 31. Rg3 ({Not} 31. Nxg7 Nxg7 32. Ng4
Nh5 $15) 31... Qxh6 32. Nxh6 Kxh6 33. Rf1 Bc7 34. Qe3+ {White is clearly
winning.} Kh7 35. Rxg7+ Kxg7 36. Qxc5 dxe4 37. Qxa7 Nd6 38. dxe4 Ra8 39. Qe3
Rxa2 40. Rd1 Ra8 41. c5 {Weighted Error Value: White=0.20/Black=0.52} 1-0